| 000 | 01233cam a22003254a 4500 | ||
|---|---|---|---|
| 001 | 14288998 | ||
| 003 | OSt | ||
| 005 | 20230902112127.0 | ||
| 008 | 060306s2006 enka b 001 0 eng | ||
| 010 | _a 2006040926 | ||
| 020 | _a1845425103 | ||
| 020 | _a9781845425104 | ||
| 040 |
_aDLC _cDLC _dDLC |
||
| 042 | _apcc | ||
| 050 | 0 | 0 |
_aHB172 _b.K38 2006 |
| 082 | 0 | 0 |
_a338.5 _bKAT/I |
| 100 | 1 |
_aKatzner, Donald W., _d1938- _99390 |
|
| 245 | 1 | 3 |
_aAn introduction to the economic theory of market behavior : _bmicroeconomics from a Walrasian perspective / _cDonald W. Katzner. |
| 260 |
_aCheltenham, UK ; _aNorthampton, MA : _bE. Elgar, _cc2006. |
||
| 300 |
_axix, 701 p. : _bill. ; _c24 cm. |
||
| 500 | _aRev. ed. of: Walrasian microeconomics. c1988. | ||
| 504 | _aIncludes bibliographical references and index. | ||
| 650 | 0 | _aMicroeconomics. | |
| 650 | 0 | _aEconomics, Mathematical. | |
| 650 | 0 | _aCapitalism. | |
| 700 | 1 |
_aKatzner, Donald W., _d1938- _tWalrasian microeconomics. |
|
| 906 |
_a7 _bcbc _corignew _d1 _eocip _f20 _gy-gencatlg |
||
| 942 |
_2ddc _cBK _h338.5 _iKAT/I _k338.5 _mKAT/I |
||
| 999 |
_c42054 _d42054 |
||